01799cam a22003737a 4500003000500000005001700005008004100022010001000063011001000073020001500083035001000098040000900108082002800117110008600145245014000231260010300371300002900474500005800503590004100561590004100602590004100643590004200684650004900726650003300775650004300808901000700851905002400858942001000882949009800892949009400990999001701084952016401101952016001265CHAP20220329142355.0001013d1999 mx rs o00110 spa d a82558 a83530 a9701327438 a94043 cCHAP a312.0972bI59 Sin. 19972 aInstituto Nacional de Estadística, Geografía e Informática. México959304 0aEncuesta nacional de la dinámica demográfica 1997b: Sinaloacpor Instituto Nacional de Estadística, Geografía e Informática. aAguascalientes, Ags. :bInstituto Nacional de Estadística, Geografía e Informática,cc.1999- av. :bgráfs. ; cuadros aLa biblioteca tiene : v.1 Panorama sociodemográfico aBATCH-UPDb10c20130110lUCH01h2145 aBATCH-UPDb10c20130410lUCH01h1454 aBATCH-UPDb10c20130914lUCH01h1924 aCONVERSIONb10c20130109lUCH01h134614aPoblaciónxEstadísticaszSinaloa.98939714aPoblaciónzSinaloa.98943714aSinaloaxCondiciones sociales.9106533 aBK aPatricia Mendoza P. cLIBRO a312.0972 I59 Sin. 1997bBCcINEGId33724000790457eINEGIfv.1 c.2h99330i94043kDonaciØnsi a312.0972 I59 Sin. 1997bBCcINEGId33724000805552eINEGIfv.1h98857i94043kDonaciØnsb c82558d82558 00102ddc4051708INEGIaBCbBCcPB_INEGId2019-12-31fLIBROi127l0o312.0972 I59 Sin. 1997p33724000790457r2019-12-31 00:00:00tv.1 c.2w2019-12-31yLIBRO 00102ddc4051708INEGIaBCbBCcPB_INEGId2019-12-31fLIBROi127l0o312.0972 I59 Sin. 1997p33724000805552r2019-12-31 00:00:00tv.1w2019-12-31yLIBRO